Pháp lệnh thi hành án dân sự
Nội dung sách giới thiệu pháp lệnh thi hành án dân sự, cơ quan thi hành án dân sự và chấp hành viên, thủ tục thi hành án, quản lý nhà nước về thi hành án
Αποθηκεύτηκε σε:
| Συλλογικό Έργο: | , |
|---|---|
| Μορφή: | Βιβλίο |
| Γλώσσα: | Undetermined |
| Έκδοση: |
Hà Nội
Chính trị Quốc gia
2008
|
| Θέματα: | |
| Ετικέτες: |
Προσθήκη ετικέτας
Δεν υπάρχουν, Καταχωρήστε ετικέτα πρώτοι!
|
| Thư viện lưu trữ: | Trung tâm Học liệu Trường Đại học Cần Thơ |
|---|
| LEADER | 01003nam a2200229Ia 4500 | ||
|---|---|---|---|
| 001 | CTU_143487 | ||
| 008 | 210402s9999 xx 000 0 und d | ||
| 020 | |c 8000 | ||
| 082 | |a 347.597077 | ||
| 082 | |b V308 | ||
| 110 | |a Việt Nam (Cộng hòa Xã hội chủ nghĩa ) | ||
| 110 | |b Quốc hội | ||
| 245 | 0 | |a Pháp lệnh thi hành án dân sự | |
| 245 | 0 | |c Việt Nam (Cộng hòa Xã hội chủ nghĩa ). Quốc hội | |
| 260 | |a Hà Nội | ||
| 260 | |b Chính trị Quốc gia | ||
| 260 | |c 2008 | ||
| 520 | |a Nội dung sách giới thiệu pháp lệnh thi hành án dân sự, cơ quan thi hành án dân sự và chấp hành viên, thủ tục thi hành án, quản lý nhà nước về thi hành án | ||
| 650 | |a Civil law ( vietnamese law ),Civil procedure,Luật dân sự Việt Nam | ||
| 650 | |z Vietnam | ||
| 904 | |i Tuyến | ||
| 980 | |a Trung tâm Học liệu Trường Đại học Cần Thơ | ||